000 00314nam a2200133Ia 4500
008 150201s2004 xx 000 0 und d
082 _a616.8
_bM04K
100 _aKORCHIN,SHELDEN
245 _aMODERN CLINICAL PSYCHOLOGY
250 _a1ST
260 _bCBS
_aDELHI
_c2004
650 _aPSYCHIATRY
942 _2ddc
_cBK
_04
999 _c605
_d605